000 00653nam a2200277Ia 4500
005 20260324131257.0
008 008 260324s9999 xx 000 0 eng d
020 _a9781315248783
037 _aEBOOK
040 _aCRL
040 _beng
040 _cCRL
041 _2eng
041 _aeng
084 _qCRL
100 _aWalter C. Labys
_91184899
245 0 _aModeling and Forecasting Primary Commodity Prices
260 _bTaylor and Francis
260 _c2006
365 _a
365 _b255
856 _uhttp://www.taylorfrancis.com/books/9781315248783
942 _cEBOOK
999 _c1781904
_d1781904